Transporte vial /
Presenta los resultados y proyecciones del estudio centroamericano de trasporte (ECAT 1974-1976) en lo referente al transporte por carretera. Analiza el transporte vial y formula un plan de inversiones para la red regional de transporte período 1978-1990. Expone la evolución del sistema durante el p...
Guardado en:
| Autores Corporativos: | , , , , |
|---|---|
| Format: | Texto |
| Sprog: | Spanish |
| Udgivet: |
San Salvador:
SIECA
1977
|
| Fag: | |
| Tags: |
Tilføj Tag
Ingen Tags, Vær først til at tagge denne postø!
|
MARC
| LEADER | 00000 a a2200000 04500 | ||
|---|---|---|---|
| 001 | 20275 | ||
| 003 | cru IIS | ||
| 005 | 20211126091119.0 | ||
| 008 | 210708s1977 es|||||| |||| 00| 0 spa d | ||
| 020 | |q [sin ISBN ] | ||
| 040 | |a Centro de Recursos para el aprendizaje y la Investigación |b Español |c cru IIS | ||
| 090 | |a 10.01.01 E79e T3 | ||
| 110 | |a Gobiernos de Centroamérica | ||
| 245 | |a Transporte vial / |c Gobiernos de Centroamérica | ||
| 260 | |a San Salvador: |b SIECA |c 1977 | ||
| 300 | |a 558 páginas.; v. 3 | ||
| 500 | |a Colección Centroamérica | ||
| 520 | |a Presenta los resultados y proyecciones del estudio centroamericano de trasporte (ECAT 1974-1976) en lo referente al transporte por carretera. Analiza el transporte vial y formula un plan de inversiones para la red regional de transporte período 1978-1990. Expone la evolución del sistema durante el período 1963-1975 en cada país de Centroamérica. Define las características de la red vial y señala los costos de su construcción y mantenimiento. Fija la demanda (internacional, intrarregional y local) de transportes por carretera. Indica los costos de operación de los usuarios de carreteras./ACM | ||
| 650 | |a AMERICA CENTRAL |0 TESAUROS | ||
| 650 | |a PROYECTOS DE DESARROLLO |0 TESAUROS | ||
| 650 | |a TRANSPORTE POR CARRETERA |0 TESAUROS | ||
| 650 | |a RED VIAL |0 TESAUROS | ||
| 710 | |a PNUD | ||
| 710 | |a BCIE | ||
| 710 | |a SIECA | ||
| 710 | |a BID | ||
| 773 | 0 | |g 558 páginas.; v. 3 | |
| 852 | 1 | 1 | |a 10.01.01 E79e T3 |
| 942 | |2 ddc |c LI |h 10.01.01 E79e T3 |i 10.01.01 |m E79e T3 |6 100101_E79E_T3_100101 | ||
| 999 | |c 10260 |d 10260 | ||
